000 00590nam a22002057a 4500
003 OSt
005 20210423055324.0
008 210223s1964 ||||| |||| 00| 0 eng d
040 _aeng
_beng
_cDLC
041 _aeng
080 _a821.111
_bC-19
100 _91034
_aCanning,Victor
245 _aA Forest of Eyes
_c/ by: Berkley Publishing Corporation
260 _aNew York
_bBerkley Publishing Corporation
_c1964
300 _a191 p.
365 _b0.5 usd
650 0 _9254
_aEnglish literature
653 _aინგლისური ლიტერატურა
942 _2udc
_cBK
999 _c1668
_d1668